00502nam a22001457a 4500008004100000040005500041080002200096100001800118245007800136260005400214300001000268490003200278650001900310653002700329230410b |||||||| |||| 00| 0 eng d aNational Science LibrarycNational Science Library a34.323.15(73)bK6 aKloss, Heinz  aExcerpts from the national minority laws of the united states of America  aHonolulu: bInstitute of advance projects, c1966 a72p.  aTranslation series vNo. 16 aMinority laws  aResearch translations